000 00658nam 22002053 4500
001 201568
010 _a972-27-1510-0
021 _aPT
_b246913/03
090 _a201568
100 _a20260330d u||y0pory50 ba
200 _aA natureza em Antero de Quental: o projecto de uma "metafísica positiva"
_fMagda Costa Carvalho
210 _aLisboa
_cImprensa Nacional-Casa da Moeda
_d2006
215 _a241, [7] p.
_cbrochado
_d24 cm
225 _aTemas portugueses
606 _93661
_aCrítica Literária.Estudos Literários
675 _a82.09
_vPT
_zpor
700 _917007
_a Carvalho
_bMagda Costa
_f1976-
801 _aPT
_bBMMN
_gRPC
830 _cVanda
990 _cLIVROS